| 000 | 00541nam a2200181Ia 4500 | ||
|---|---|---|---|
| 003 | OSt | ||
| 005 | 20200608103706.0 | ||
| 008 | 190216s9999||||xx |||||||||||||| ||und|| | ||
| 020 | _a9788120311848 | ||
| 040 | _coclc | ||
| 082 |
_a342.54029 _bBAS/I |
||
| 100 |
_a Basu, Durga Das _91713 |
||
| 245 | 0 |
_aIntroduction To The Constitution Of India / _cDurga Das Basu |
|
| 250 | _a18th Ed. | ||
| 260 |
_bPrentice Hall India, _c1997. _aNew Delhi: |
||
| 300 | _a489p | ||
| 942 |
_cBK _2ddc _h342.54029 _iBAS/I _k342.54029 _mBAS/I |
||
| 999 |
_c20475 _d20475 |
||